[Event "XXIV Weekend B"]
[Site "Robecchetto con Induno ITA"]
[Date "2013.12.28"]
[Round "2"]
[White "Macchiettini, Pierangelo"]
[Black "Cavagna, Marco"]
[WhiteElo "1697"]
[BlackElo "1527"]
[Result "1-0"]
[PlyCount "89"]
[EventDate "2013.12.27"]

1. d4 d5 2. Nf3 Nf6 3. c4 e6 4. a3 g6 5. Nc3 Bg7 6. e3 Nbd7 7. c5 c6 8. Be2 b6
9. cxb6 Nxb6 10. Qc2 O-O 11. O-O Nfd7 12. Na4 Re8 13. Qxc6 Rb8 14. Nxb6 Nxb6
15. Qc2 e5 16. dxe5 Bxe5 17. Nxe5 Rxe5 18. Bd2 Bf5 19. Qd1 Rc8 20. Bc3 Re6 21.
Qd4 f6 22. g4 Re4 23. Qd1 Bd7 24. Bf3 Rec4 25. Bxd5+ Nxd5 26. Qxd5+ Kg7 27. f3
Qe7 28. Qd2 Re8 29. Bd4 Rec8 30. Rac1 Bb5 31. Rxc4 Rxc4 32. Rc1 Qe6 33. Bc3 Bc6
34. Qe2 Bb5 35. Qd2 Bc6 36. Qe2 Bb5 37. Qf2 Qd7 38. Qe1 Qc6 39. e4 Kf7 40. Qe3
Qc7 41. Rd1 a6 42. Rd4 Rc5 43. Qd2 g5 44. Rd6 Qa7 45. Qd4 1-0

[Event "XXIV Weekend B"]
[Site "Robecchetto con Induno ITA"]
[Date "2013.12.28"]
[Round "2"]
[White "Minore, Antonino"]
[Black "Pivari, Flavio"]
[WhiteElo "1275"]
[BlackElo "1464"]
[Result "1/2-1/2"]
[PlyCount "75"]
[EventDate "2013.12.27"]

1. d4 Nf6 2. c4 g6 3. g3 Bg7 4. Nf3 d6 5. Bg2 O-O 6. Nc3 c6 7. O-O h6 8. Nd2
Nbd7 9. e4 e5 10. d5 cxd5 11. Nxd5 Nxd5 12. exd5 a5 13. Ne4 Qc7 14. b3 Nc5 15.
Be3 f5 16. Nc3 Bd7 17. Qd2 e4 18. Bxc5 Qxc5 19. Rac1 Rfe8 20. Rfe1 Re5 21. Re3
Rae8 22. Ne2 R5e7 23. Nf4 Kh7 24. h4 Bd4 25. h5 gxh5 26. Nxh5 Rf7 27. Re2 e3
28. fxe3 Rxe3 29. Kh2 Rxe2 30. Qxe2 Be3 31. Rd1 Re7 32. Kh1 Re4 33. Rd3 Kg6 34.
Bf3 Kg5 35. Qh2 Kg6 36. Qg2 Bg5 37. Nf4+ Kf6 38. Nh5+ 1/2-1/2

[Event "XXIV Weekend B"]
[Site "Robecchetto con Induno ITA"]
[Date "2013.12.28"]
[Round "2"]
[White "Orlandi, Paolo"]
[Black "Rossi, Enrico"]
[WhiteElo "1659"]
[BlackElo "1373"]
[Result "1-0"]
[PlyCount "131"]
[EventDate "2013.12.27"]

1. e4 e5 2. d4 exd4 3. Qxd4 Nc6 4. Qe3 d6 5. Nc3 Nf6 6. Bd2 g6 7. O-O-O Bg7 8.
f4 Bg4 9. Nf3 O-O 10. h3 Be6 11. g4 d5 12. exd5 Nxd5 13. Qe1 Re8 14. Qg3 Qc8
15. Nxd5 Bxd5 16. Rg1 Qe6 17. Ng5 Qd6 18. Kb1 a5 19. Bg2 Bxg2 20. Qxg2 Qc5 21.
f5 Qb5 22. c3 Re2 23. Qf3 Rae8 24. fxg6 fxg6 25. Bc1 Rf8 26. Qd3 Qxd3+ 27. Rxd3
Rff2 28. Rf3 Rh2 29. Rd1 h6 30. Nf7 Re7 31. Nxh6+ Kh7 32. Nf7 a4 33. Nd8 Nxd8
34. Rxd8 Rh1 35. Kc2 Rh2+ 36. Kd3 Rh1 37. Be3 Rd1+ 38. Bd2 Bh6 39. Rf2 c5 40.
Kc4 Bxd2 41. Rfxd2 Rh1 42. R8d3 b6 43. Kb5 Rb7 44. Kxa4 Ra7+ 45. Kb5 Rxa2 46.
Kxb6 c4 47. Re3 Rb1 48. Ree2 Rba1 49. Kc5 Ra4 50. Rg2 Kh6 51. h4 Rh1 52. Rh2
Rg1 53. g5+ Kh5 54. Rd4 Rf1 55. Kb5 Ra8 56. Kxc4 Rc8+ 57. Kd3 Rg1 58. Re2 Rh1
59. Ree4 Rh3+ 60. Kc2 Rb8 61. b4 Rh2+ 62. Kb3 Rh3 63. Re7 Rh8 64. b5 Rxh4 65.
Rxh4+ Kxh4 66. Re5 1-0

[Event "XXIV Weekend B"]
[Site "Robecchetto con Induno ITA"]
[Date "2013.12.28"]
[Round "2"]
[White "Palermiti, Francesco"]
[Black "Monzeglio, Graziella"]
[WhiteElo "1467"]
[BlackElo "1295"]
[Result "1/2-1/2"]
[PlyCount "91"]
[EventDate "2013.12.27"]

1. d4 d5 2. Nf3 e6 3. e3 Nf6 4. Nbd2 b6 5. Bd3 Bb7 6. b3 Nbd7 7. Bb2 Bd6 8. O-O
O-O 9. Ne5 Be7 10. f4 Nxe5 11. fxe5 Ne4 12. c4 Nxd2 13. Qxd2 h6 14. Qe2 c5 15.
Rad1 Rc8 16. a4 a5 17. Kh1 dxc4 18. bxc4 Qc7 19. Qg4 Qc6 20. Bc2 f5 21. exf6
Bxf6 22. d5 exd5 23. cxd5 Qd6 24. Bxf6 Rxf6 25. Rxf6 Qxf6 26. Qe6+ Qxe6 27.
dxe6 Bc6 28. Bb3 c4 29. Bxc4 Bxa4 30. e7+ Rxc4 31. h3 Kf7 32. Rd6 Kxe7 33. Rxb6
Rc2 34. Ra6 Rc5 35. Kg1 Bc2 36. Kf2 Rf5+ 37. Ke1 Bd3 38. Ra7+ Kf6 39. Kd2 Bf1
40. g4 Rf2+ 41. Ke1 Re2+ 42. Kxf1 Rxe3 43. Rxa5 Rxh3 44. Kg2 Re3 45. Kf2 Re5
46. Ra6+ 1/2-1/2

[Event "XXIV Weekend B"]
[Site "Robecchetto con Induno ITA"]
[Date "2013.12.28"]
[Round "2"]
[White "Posapiano, Giacomo"]
[Black "Negro, Andrea"]
[WhiteElo "1598"]
[BlackElo "1338"]
[Result "1/2-1/2"]
[PlyCount "93"]
[EventDate "2013.12.27"]

1. d4 d5 2. c4 c6 3. Nc3 e6 4. e3 Nf6 5. Nf3 Nbd7 6. Be2 Bd6 7. h3 O-O 8. Qc2
Re8 9. O-O Qc7 10. cxd5 exd5 11. Bd2 h6 12. Rac1 a6 13. Bd3 Nf8 14. Rfe1 Bd7
15. e4 dxe4 16. Nxe4 N8h7 17. Nxd6 Qxd6 18. a3 Re6 19. Rxe6 Bxe6 20. Re1 Rd8
21. b4 Nf8 22. Be3 Qd5 23. Ne5 N6d7 24. Bc4 Qd6 25. Bxe6 Nxe6 26. Nxd7 Rxd7 27.
Qb1 f6 28. Qf5 Rd8 29. Bxh6 Rd7 30. Re4 Nf8 31. Re8 Re7 32. g3 Qc7 33. Rxe7
Qxe7 34. Qg4 f5 35. Qg5 Qe1+ 36. Kg2 Qe4+ 37. Kf1 Qxd4 38. Kg2 Qd5+ 39. Kg1 Qf7
40. Bxg7 Ne6 41. Qf6 Nxg7 42. Qd8+ Qe8 43. Qb6 Qe1+ 44. Kg2 Qe4+ 45. Kg1 Qe1+
46. Kg2 Qe4+ 47. Kg1 1/2-1/2

[Event "XXIV Weekend B"]
[Site "Robecchetto con Induno ITA"]
[Date "2013.12.28"]
[Round "2"]
[White "Puricelli, Roberto"]
[Black "Santarelli, Sabatino"]
[WhiteElo "1496"]
[BlackElo "1641"]
[Result "0-1"]
[PlyCount "69"]
[EventDate "2013.12.27"]

1. e4 c5 2. Nf3 g6 3. d4 Bg7 4. c3 cxd4 5. cxd4 a6 6. Bc4 e6 7. O-O b5 8. Bb3
Ne7 9. Bf4 O-O 10. Nc3 d6 11. Rc1 Bb7 12. Bc2 Nbc6 13. a3 Rc8 14. e5 dxe5 15.
dxe5 Qc7 16. Be4 Rfd8 17. Qe2 Qb8 18. Rfd1 h6 19. h3 Na5 20. Rxd8+ Rxd8 21.
Bxb7 Qxb7 22. Ne4 Nd5 23. Bg3 Nc4 24. Nd6 Nxd6 25. exd6 Bf8 26. Qd2 Kh7 27.
Ng5+ hxg5 28. Qxg5 Qd7 29. Qh4+ Kg8 30. Rc7 Nxc7 31. dxc7 Qd1+ 32. Kh2 Rc8 33.
Qf6 Qe2 34. Qd4 Bd6 35. Be5 0-1

[Event "XXIV Weekend B"]
[Site "Robecchetto con Induno ITA"]
[Date "2013.12.28"]
[Round "2"]
[White "Sacchi, Luca"]
[Black "Corbelli, Daniele"]
[WhiteElo "1332"]
[BlackElo "1467"]
[Result "1/2-1/2"]
[PlyCount "140"]
[EventDate "2013.12.27"]

1. e4 e5 2. Nf3 Nc6 3. Bc4 Nf6 4. d3 Be7 5. c3 O-O 6. Nbd2 d5 7. exd5 Nxd5 8.
Ne4 Nb6 9. Bb3 Bf5 10. Bg5 Bxe4 11. dxe4 Qxd1+ 12. Rxd1 Rae8 13. O-O h6 14.
Bxe7 Rxe7 15. Rd2 Na5 16. Bc2 Nac4 17. Re2 Nxb2 18. Bb3 N6c4 19. Rd1 f6 20. Nd2
Rd7 21. Nxc4 Rxd1+ 22. Bxd1 Nxc4 23. Bb3 b5 24. a4 c6 25. axb5 cxb5 26. Rd2 Kh8
27. Rd5 a6 28. g3 Rc8 29. Rd3 Na5 30. Be6 Re8 31. Bf7 Re7 32. Rd8+ Kh7 33. Bg8+
Kg6 34. Rc8 Rd7 35. Be6 Rd6 36. Bf5+ Kf7 37. Rc7+ Kf8 38. Bg6 Nc6 39. Rf7+ Kg8
40. Rc7 Nd8 41. Be8 Kf8 42. Bd7 g6 43. Bc8 Rc6 44. Rxc6 Nxc6 45. Bxa6 b4 46.
cxb4 Nxb4 47. Be2 Ke7 48. Kg2 Nc2 49. Kh3 Nd4 50. Bd3 f5 51. f4 Kf6 52. Kg2 g5
53. fxg5+ hxg5 54. Kf2 f4 55. gxf4 gxf4 56. h4 Kg6 57. Kg2 Kh5 58. Kh3 f3 59.
Kg3 Ne6 60. Bc4 Nf8 61. Bf7+ Kh6 62. Kxf3 Nd7 63. Kg4 Kg7 64. Ba2 Nc5 65. Kf5
Kh6 66. Bf7 Kg7 67. Bd5 Kh6 68. Kxe5 Kh5 69. Kd4 Nxe4 70. Bxe4 Kxh4 1/2-1/2

[Event "XXIV Weekend B"]
[Site "Robecchetto con Induno ITA"]
[Date "2013.12.28"]
[Round "2"]
[White "Vignati, Andrea"]
[Black "Longo, Giovanni"]
[WhiteElo "1501"]
[BlackElo "1662"]
[Result "1/2-1/2"]
[PlyCount "32"]
[EventDate "2013.12.27"]

1. e4 c6 2. d4 d5 3. e5 Bf5 4. Bd3 Bxd3 5. Qxd3 e6 6. Nf3 Nd7 7. O-O c5 8. c3
h6 9. Be3 cxd4 10. cxd4 Ne7 11. Nc3 Nf5 12. Nxd5 Nxe5 13. Qb5+ Nd7 14. Nf4 Qb6
15. Qxb6 Nxb6 16. Rac1 Bd6 1/2-1/2

[Event "XXIV Weekend B"]
[Site "Robecchetto con Induno ITA"]
[Date "2013.12.29"]
[Round "4"]
[White "Frignani, Alessandro"]
[Black "Assanelli, Andrea"]
[WhiteElo "1369"]
[BlackElo "1440"]
[Result "0-1"]
[PlyCount "156"]
[EventDate "2013.12.27"]

1. e4 d6 2. d4 Nf6 3. Qe2 g6 4. Bg5 Bg7 5. Nd2 c5 6. Qb5+ Qd7 7. d5 a6 8. Qb3
b5 9. a4 b4 10. f3 O-O 11. Nc4 Qc7 12. a5 Nbd7 13. g3 Rb8 14. Bh3 Re8 15. Qd3
Ra8 16. b3 Nxe4 17. fxe4 Bxa1 18. Bg2 Bg7 19. h4 h5 20. Bf4 Ne5 21. Bxe5 Bxe5
22. Bh3 Bxh3 23. Nxh3 Bc3+ 24. Kd1 Ra7 25. Ng5 Qd7 26. Qf3 Qg4 27. Ke2 Qxf3+
28. Kxf3 Kg7 29. g4 Rh8 30. Kf4 hxg4 31. Kxg4 Bd4 32. Rf1 Bf6 33. Nf3 Kh6 34.
Re1 Bc3 35. Re2 Rd7 36. e5 f6 37. exf6 exf6 38. Re6 Rhh7 39. Ng1 Be5 40. Nb6
Rde7 41. Rxe7 Rxe7 42. Nf3 Kg7 43. Nd2 f5+ 44. Kf3 Kf6 45. Ndc4 Rh7 46. Nc8
Rxh4 47. N8xd6 Bxd6 48. Nxd6 Ke5 49. Nf7+ Kxd5 50. Ke3 Rh3+ 51. Kd2 Rh2+ 52.
Kd3 Rg2 53. Nh6 f4 54. Ng8 g5 55. Nf6+ Ke5 56. Nd7+ Kd5 57. Nf6+ Kc6 58. Ne4 g4
59. c3 bxc3 60. Kxc3 f3 61. Kd3 g3 62. Ke3 Re2+ 63. Kxf3 Rxe4 64. Kxg3 Re3+ 65.
Kf2 Rxb3 66. Ke2 Kd5 67. Kd2 Kc4 68. Kc2 Rh3 69. Kb2 Kb4 70. Kc2 Kxa5 71. Kb2
Kb4 72. Kc2 a5 73. Kb2 Rh2+ 74. Kc1 Ka3 75. Kd1 Kb2 76. Ke1 a4 77. Kf1 a3 78.
Kg1 Rc2 0-1

[Event "XXIV Weekend B"]
[Site "Robecchetto con Induno ITA"]
[Date "2013.12.29"]
[Round "4"]
[White "Gerosa, Ottavio"]
[Black "Sacchi, Luca"]
[WhiteElo "1467"]
[BlackElo "1332"]
[Result "1-0"]
[PlyCount "83"]
[EventDate "2013.12.27"]

1. e4 b6 2. Nc3 Bb7 3. d4 e6 4. Nf3 d6 5. Bc4 g6 6. Be3 Bg7 7. Ng5 Nd7 8. Qf3
Qe7 9. d5 e5 10. Nb5 Ndf6 11. Qe2 a6 12. Nc3 Nd7 13. a4 Ngf6 14. Qd2 O-O 15. h3
c5 16. dxc6 Bxc6 17. Nd5 Nxd5 18. Bxd5 Bxd5 19. Qxd5 Rac8 20. c3 Rc7 21. O-O
Bh6 22. Qd2 Nc5 23. Ra3 f6 24. b4 Nd7 25. Nf3 Bxe3 26. Qxe3 Qf7 27. Rd1 Qe6 28.
Qd3 Rc6 29. Qxa6 Nb8 30. Qd3 Rd8 31. c4 Rxc4 32. Qb3 Kf7 33. Nd2 Rd4 34. Qc3
Rc8 35. Qe3 Rxb4 36. a5 bxa5 37. Rxa5 Nc6 38. Ra6 Nd4 39. Ra7+ Kg8 40. Qh6 Ne2+
41. Kh2 g5 42. Qg7# 1-0

[Event "XXIV Weekend B"]
[Site "Robecchetto con Induno ITA"]
[Date "2013.12.29"]
[Round "4"]
[White "Koureas, Panicos"]
[Black "Cavagna, Marco"]
[WhiteElo "1418"]
[BlackElo "1527"]
[Result "1-0"]
[PlyCount "77"]
[EventDate "2013.12.27"]

1. e4 c5 2. Nc3 Nc6 3. f4 d6 4. Nf3 g6 5. Bb5 Bd7 6. O-O Bg7 7. d3 a6 8. Bxc6
Bxc6 9. Qe1 e6 10. Rb1 Ne7 11. Nd1 O-O 12. Qh4 h5 13. Ne3 Nc8 14. Qg3 Qe7 15.
Nc4 Kh8 16. Qe1 d5 17. Nce5 dxe4 18. Nxc6 bxc6 19. dxe4 Nd6 20. e5 Nb5 21. c3
Rad8 22. Qe4 Qe8 23. a4 Nc7 24. Be3 f5 25. Qc4 Nd5 26. Qxc5 Rf7 27. Bf2 Nxf4
28. Qc4 Nd3 29. Bd4 Nf4 30. Ng5 Nd5 31. Nxf7+ Qxf7 32. Qxc6 Nc7 33. Rbd1 a5 34.
Qc5 Rd5 35. Qa7 Bxe5 36. Bxe5+ Rxe5 37. Rd8+ Kg7 38. Qd4 Kf6 39. Re1 1-0

[Event "XXIV Weekend B"]
[Site "Robecchetto con Induno ITA"]
[Date "2013.12.29"]
[Round "4"]
[White "Monzeglio, Graziella"]
[Black "Corbelli, Daniele"]
[WhiteElo "1295"]
[BlackElo "1467"]
[Result "0-1"]
[PlyCount "108"]
[EventDate "2013.12.27"]

1. d4 Nf6 2. Nf3 e6 3. e3 b6 4. Bd3 Bb7 5. O-O c5 6. c3 Nc6 7. Re1 Be7 8. Nbd2
O-O 9. e4 cxd4 10. cxd4 Nb4 11. Be2 Nxe4 12. a3 Nxd2 13. Bxd2 Nd5 14. Qc2 Rc8
15. Qd3 f5 16. g3 Nf6 17. h4 Be4 18. Qa6 Rc7 19. Rac1 Qc8 20. Rxc7 Qxc7 21. Rc1
Qb7 22. Qxb7 Bxb7 23. Rc7 Bc6 24. Rxa7 Ra8 25. Rxa8+ Bxa8 26. Ne5 Bc6 27. Nxc6
dxc6 28. b4 c5 29. dxc5 bxc5 30. b5 Nd5 31. a4 Bd8 32. a5 Nb4 33. a6 Bb6 34.
Bc4 Kf7 35. Kg2 Ke7 36. Bg5+ Kd7 37. Kf3 Kd6 38. Bf4+ e5 39. Bd2 Nc2 40. Bd3
Nd4+ 41. Ke3 Kd5 42. f3 c4 43. Bc2 Nxc2+ 44. Ke2 Nd4+ 45. Kf2 Nxb5+ 46. Be3
Bxe3+ 47. Kxe3 Kc5 48. g4 fxg4 49. fxg4 Kb4 50. Ke4 Kb3 51. Kxe5 c3 52. Kd5 c2
53. Kc5 Ka4 54. Kb6 c1=Q 0-1

[Event "XXIV Weekend B"]
[Site "Robecchetto con Induno ITA"]
[Date "2013.12.29"]
[Round "4"]
[White "Orlandi, Paolo"]
[Black "Ciochetta, Giovanni"]
[WhiteElo "1659"]
[BlackElo "1584"]
[Result "0-1"]
[PlyCount "42"]
[EventDate "2013.12.27"]

1. e4 e5 2. d4 exd4 3. Qxd4 Nc6 4. Qe3 g6 5. Nc3 Bg7 6. Bd2 Nge7 7. O-O-O O-O
8. f4 d5 9. exd5 Nxd5 10. Nxd5 Qxd5 11. Kb1 Bg4 12. Nf3 Rfe8 13. Qf2 Rad8 14.
Bd3 Nd4 15. h3 Bxf3 16. gxf3 Qxf3 17. Qh2 Qc6 18. Bc1 f5 19. h4 h5 20. b3 Nb5
21. Bxb5 Qc3 0-1

[Event "XXIV Weekend B"]
[Site "Robecchetto con Induno ITA"]
[Date "2013.12.29"]
[Round "4"]
[White "Palermiti, Francesco"]
[Black "Milazzo, Gianluca"]
[WhiteElo "1467"]
[BlackElo "1485"]
[Result "0-1"]
[PlyCount "102"]
[EventDate "2013.12.27"]

1. d4 Nf6 2. Nf3 g6 3. e3 Bg7 4. Bd3 d5 5. O-O O-O 6. Nbd2 Nbd7 7. b3 c5 8. Bb2
b6 9. c4 Bb7 10. cxd5 Nxd5 11. a3 Re8 12. Nc4 f6 13. Ncd2 cxd4 14. Bxd4 e5 15.
Bb2 a6 16. e4 Nf4 17. Bc4+ Kh8 18. g3 Ne6 19. a4 Ndc5 20. Qc2 Nd4 21. Nxd4 exd4
22. b4 Nxe4 23. Rad1 Rc8 24. Qb3 f5 25. Nf3 Nc3 26. Bxc3 Bxf3 27. Rd3 Be2 28.
Bd2 Bxd3 29. Qxd3 a5 30. bxa5 bxa5 31. Bb5 Re5 32. Rb1 Rec5 33. Qb3 Rc2 34. Qd3
R2c3 35. Bxc3 dxc3 36. Qc2 Qd2 37. Rc1 Rd8 38. Kg2 Bd4 39. Qxd2 cxd2 40. Rd1
Bc3 41. Be2 Bb4 42. Kf3 Kg7 43. Ke3 g5 44. h3 Kf6 45. Bb5 Ke6 46. Ke2 Ke5 47.
Rb1 Rd4 48. Kd1 Ke4 49. Rb3 f4 50. Bc6+ Ke5 51. g4 Rc4 0-1

[Event "XXIV Weekend B"]
[Site "Robecchetto con Induno ITA"]
[Date "2013.12.29"]
[Round "4"]
[White "Puricelli, Roberto"]
[Black "Longo, Giovanni"]
[WhiteElo "1496"]
[BlackElo "1662"]
[Result "0-1"]
[PlyCount "58"]
[EventDate "2013.12.27"]

1. e4 c6 2. d4 d5 3. exd5 cxd5 4. Nf3 Bg4 5. Be2 e6 6. O-O Nf6 7. Bg5 Be7 8. c3
Nbd7 9. Nbd2 Qc7 10. Bxf6 gxf6 11. Bb5 a6 12. Qa4 Bd6 13. Bxd7+ Qxd7 14. Qxd7+
Kxd7 15. Kh1 b5 16. a3 h5 17. h3 Rag8 18. Nh2 Rg7 19. h4 Be2 20. Rg1 f5 21.
Ndf3 f6 22. Rae1 Bd3 23. Nf1 Rg4 24. N1d2 Rhg8 25. g3 f4 26. gxf4 Bxf4 27. Nf1
Be4 28. Rxe4 dxe4 29. Rxg4 Rxg4 0-1

[Event "XXIV Weekend B"]
[Site "Robecchetto con Induno ITA"]
[Date "2013.12.29"]
[Round "4"]
[White "Rossi, Enrico"]
[Black "Pivari, Flavio"]
[WhiteElo "1373"]
[BlackElo "1464"]
[Result "1-0"]
[PlyCount "75"]
[EventDate "2013.12.27"]

1. d4 Nf6 2. c4 g6 3. Nc3 Bg7 4. e4 O-O 5. e5 Ne8 6. Bd3 Nc6 7. Be3 d6 8. exd6
exd6 9. Nge2 Ne7 10. O-O Bf5 11. Ng3 Bxd3 12. Qxd3 c5 13. dxc5 dxc5 14. Qxd8
Rxd8 15. Bxc5 Nd6 16. Rad1 Ndc8 17. Nd5 b6 18. Bxe7 Nxe7 19. Nxe7+ Kh8 20. Nc6
Ra8 21. b4 Rfc8 22. b5 Bf6 23. Rd7 Kg7 24. Ne4 a6 25. a4 axb5 26. axb5 Ra4 27.
Nd6 Rf8 28. f4 Bc3 29. Ne5 Bd4+ 30. Kh1 Ra1 31. Rxa1 Bxa1 32. Rxf7+ Rxf7 33.
Ndxf7 Bxe5 34. Nxe5 Kf6 35. Nd7+ Ke6 36. Nxb6 Kd6 37. Nd5 Kc5 38. b6 1-0

[Event "XXIV Weekend B"]
[Site "Robecchetto con Induno ITA"]
[Date "2013.12.29"]
[Round "4"]
[White "Rutigliano, Cesare"]
[Black "Posapiano, Giacomo"]
[WhiteElo "1670"]
[BlackElo "1598"]
[Result "1/2-1/2"]
[PlyCount "78"]
[EventDate "2013.12.27"]

1. Nf3 Nf6 2. c4 g6 3. Nc3 d6 4. d4 Bg7 5. g3 O-O 6. Bg2 c5 7. e3 Nc6 8. O-O
Bg4 9. Qb3 Na5 10. Qc2 Nxc4 11. dxc5 dxc5 12. Rd1 Nd6 13. Rd2 Qc7 14. Nh4 Rad8
15. h3 Bc8 16. e4 e5 17. b3 b6 18. Bb2 Rfe8 19. Rad1 Bh6 20. Re2 Bb7 21. f4 Nd7
22. f5 Nf6 23. fxg6 hxg6 24. Rf1 Nh5 25. Kh2 Ba6 26. Nd5 Qc8 27. g4 Bxe2 28.
Qxe2 Nf4 29. Qe3 Bg7 30. Qc3 Nxd5 31. exd5 Nb5 32. Qc4 Nd4 33. d6 Rf8 34. Nxg6
Qd7 35. Nxf8 Rxf8 36. Be4 Nb5 37. Qe2 Nd4 38. Qc4 Nb5 39. Qe2 Nxd6 1/2-1/2

[Event "XXIV Weekend B"]
[Site "Robecchetto con Induno ITA"]
[Date "2013.12.29"]
[Round "4"]
[White "Vignati, Andrea"]
[Black "Minore, Antonino"]
[WhiteElo "1501"]
[BlackElo "1275"]
[Result "1-0"]
[PlyCount "75"]
[EventDate "2013.12.27"]

1. e4 c6 2. d4 d5 3. e5 Bf5 4. Nf3 e6 5. c4 Bb4+ 6. Bd2 a5 7. a3 Bxd2+ 8. Nbxd2
Ne7 9. Be2 O-O 10. O-O Nd7 11. Rc1 dxc4 12. Nxc4 Nc8 13. Nh4 Qxh4 14. Qb3 b5
15. Ne3 a4 16. Qc3 Ncb6 17. Qxc6 Be4 18. Qxb5 Rab8 19. Rfd1 Qg5 20. g3 h5 21.
h4 Qh6 22. Kh2 g5 23. Rg1 gxh4 24. gxh4+ Kh7 25. Rg5 Bg6 26. Bd3 Rg8 27. Rcg1
Nf8 28. R1g3 Kh8 29. Ng2 Nh7 30. Bxg6 fxg6 31. Nf4 Nd5 32. Nxg6+ Rxg6 33. Qxb8+
Nf8 34. Rxg6 Qf4 35. Rg8+ Kh7 36. Qxf8 Qxh4+ 37. Kg1 Qe7 38. Rh8# 1-0

[Event "XXIV Weekend B"]
[Site "Robecchetto con Induno ITA"]
[Date "2013.12.29"]
[Round "5"]
[White "Assanelli, Andrea"]
[Black "Cavagna, Marco"]
[WhiteElo "1440"]
[BlackElo "1527"]
[Result "1/2-1/2"]
[PlyCount "51"]
[EventDate "2013.12.27"]

1. d4 d5 2. Nf3 Nf6 3. Bf4 e6 4. e3 Nbd7 5. c4 Bb4+ 6. Nbd2 O-O 7. a3 Bxd2+ 8.
Nxd2 c5 9. Nb3 cxd4 10. exd4 Re8 11. Be2 e5 12. dxe5 Nxe5 13. cxd5 Qxd5 14. O-O
Ng6 15. Be3 Be6 16. Qxd5 Bxd5 17. Nd4 b6 18. Bf3 Bxf3 19. Nxf3 Rac8 20. Rac1
Ng4 21. Rxc8 Rxc8 22. Rc1 Rd8 23. h3 Nf6 24. Bg5 h6 25. Bxf6 gxf6 26. g3
1/2-1/2

[Event "XXIV Weekend B"]
[Site "Robecchetto con Induno ITA"]
[Date "2013.12.29"]
[Round "5"]
[White "Ciochetta, Giovanni"]
[Black "Vignati, Andrea"]
[WhiteElo "1584"]
[BlackElo "1501"]
[Result "0-1"]
[PlyCount "80"]
[EventDate "2013.12.27"]

1. e4 e5 2. Nf3 Nc6 3. Bc4 Bc5 4. O-O d6 5. c3 Nf6 6. d4 exd4 7. cxd4 Bb6 8.
Bg5 O-O 9. a3 Bg4 10. Bxf6 Qxf6 11. Be2 Bxf3 12. Bxf3 Bxd4 13. Nd2 Bxb2 14. Rb1
Bxa3 15. Rxb7 Qe7 16. Nc4 Bc5 17. Re1 Rab8 18. Rxb8 Rxb8 19. e5 Nxe5 20. Nxe5
dxe5 21. g3 Qd6 22. Qc2 Qb6 23. Kg2 Bd6 24. Qf5 g6 25. Qd7 Qb4 26. Re4 Qb5 27.
Qh3 a5 28. Rh4 h5 29. g4 Be7 30. gxh5 Bxh4 31. Qxh4 gxh5 32. Bxh5 Qc6+ 33. Bf3
Qg6+ 34. Bg4 a4 35. h3 a3 36. Qe7 a2 37. Qxe5 Qc6+ 38. Bf3 Qg6+ 39. Bg4 Rb1 40.
Qe8+ Kh7 0-1

[Event "XXIV Weekend B"]
[Site "Robecchetto con Induno ITA"]
[Date "2013.12.29"]
[Round "5"]
[White "Corbelli, Daniele"]
[Black "Palermiti, Francesco"]
[WhiteElo "1467"]
[BlackElo "1467"]
[Result "0-1"]
[PlyCount "60"]
[EventDate "2013.12.27"]

1. e4 c5 2. Nf3 d6 3. d4 cxd4 4. Nxd4 Nf6 5. Nc3 a6 6. Be3 e6 7. g4 e5 8. Nf5
g6 9. g5 Nh5 10. Nh6 Be6 11. Qf3 Bxh6 12. gxh6 Qh4 13. Nd5 Bxd5 14. exd5 Nd7
15. Qh3 Qb4+ 16. Bd2 Qe4+ 17. Kd1 Qxh1 18. Qg2 Qxg2 19. Bxg2 O-O 20. b4 Nf4 21.
Bxf4 exf4 22. c4 Rfe8 23. Kd2 Re5 24. Bf3 Rae8 25. Rg1 f6 26. h4 Nb6 27. Kd3
Re1 28. Rg4 Ra1 29. c5 dxc5 30. bxc5 Nd7 0-1

[Event "XXIV Weekend B"]
[Site "Robecchetto con Induno ITA"]
[Date "2013.12.29"]
[Round "5"]
[White "Franchetti Pardo, Niccolo'"]
[Black "Gerosa, Ottavio"]
[WhiteElo "1496"]
[BlackElo "1467"]
[Result "0-1"]
[PlyCount "104"]
[EventDate "2013.12.27"]

1. d4 e6 2. Nf3 Nf6 3. Nbd2 b6 4. e4 Bb7 5. Bd3 Nc6 6. c3 d5 7. e5 Nd7 8. O-O
f6 9. exf6 gxf6 10. Nh4 Qe7 11. Qh5+ Qf7 12. Qxf7+ Kxf7 13. f4 f5 14. Ndf3 h6
15. Ne5+ Ndxe5 16. fxe5 Be7 17. Nf3 Rag8 18. Bf4 Rg7 19. Bg3 h5 20. Rf2 h4 21.
Bf4 Rg4 22. g3 Rhg8 23. Kh1 hxg3 24. hxg3 Bf8 25. Rh2 Ne7 26. Rh4 R4g7 27. Rg1
Ng6 28. Ng5+ Ke7 29. Rh3 Nxf4 30. gxf4 Bc6 31. Be2 Be8 32. Rg2 Kd7 33. Rh6 Be7
34. Rh7 Bxg5 35. Rxg7+ Rxg7 36. Rxg5 Rh7+ 37. Kg2 Kc6 38. c4 a5 39. b3 Rh4 40.
Rg8 Bd7 41. cxd5+ Kxd5 42. Rd8 Rh7 43. Bc4+ Ke4 44. d5 Re7 45. dxe6 Bxe6 46.
Bxe6 Rxe6 47. Rc8 Kxf4 48. Rxc7 Kxe5 49. Kf3 Rf6 50. a3 Kd5 51. Kf4 Kd6 52. Kg5
Kxc7 0-1

[Event "XXIV Weekend B"]
[Site "Robecchetto con Induno ITA"]
[Date "2013.12.29"]
[Round "5"]
[White "Frignani, Alessandro"]
[Black "Monzeglio, Graziella"]
[WhiteElo "1369"]
[BlackElo "1295"]
[Result "1-0"]
[PlyCount "71"]
[EventDate "2013.12.27"]

1. e4 d5 2. e5 e6 3. f4 Nc6 4. Nf3 b6 5. d4 Bb7 6. b3 a5 7. a3 Be7 8. Bb2 Nh6
9. Nc3 O-O 10. Bd3 Qd7 11. g3 Na7 12. Qe2 c5 13. h3 cxd4 14. Nxd4 f6 15. Nf3
fxe5 16. Nxe5 Qc7 17. Kd2 Rfd8 18. Rhf1 Nc6 19. Nb5 Qc8 20. Nxc6 Bxc6 21. Qe3
Bxb5 22. Bxb5 Nf5 23. Qf2 Bc5 24. Qf3 d4 25. a4 Ne3 26. Rfc1 Nd5 27. Qe4 Nf6
28. Qd3 Qb7 29. Re1 Qd5 30. Bc4 Qg2+ 31. Re2 Ne4+ 32. Qxe4 Qxe4 33. Rxe4 Rab8
34. Bxe6+ Kf8 35. f5 Be7 36. Bxd4 1-0

[Event "XXIV Weekend B"]
[Site "Robecchetto con Induno ITA"]
[Date "2013.12.29"]
[Round "5"]
[White "Longo, Giovanni"]
[Black "Koureas, Panicos"]
[WhiteElo "1662"]
[BlackElo "1418"]
[Result "1/2-1/2"]
[PlyCount "46"]
[EventDate "2013.12.27"]

1. e4 e5 2. Nf3 Nc6 3. Bb5 a6 4. Ba4 Nf6 5. O-O Be7 6. Re1 b5 7. Bb3 O-O 8. c3
d5 9. exd5 Nxd5 10. h3 Bxh3 11. Nxe5 Nxe5 12. Rxe5 c6 13. Qf3 Be6 14. d4 Bf6
15. Re1 Qd7 16. Qg3 Ne7 17. Bxe6 fxe6 18. Qe3 Bh4 19. Re2 c5 20. Qe4 Ng6 21.
Be3 Rae8 22. Rd2 Qe7 23. Na3 Bg5 1/2-1/2

[Event "XXIV Weekend B"]
[Site "Robecchetto con Induno ITA"]
[Date "2013.12.29"]
[Round "5"]
[White "Macchiettini, Pierangelo"]
[Black "Folcini, Gaddo"]
[WhiteElo "1697"]
[BlackElo "1579"]
[Result "0-1"]
[PlyCount "101"]
[EventDate "2013.12.27"]

1. d4 e5 2. e4 exd4 3. Qxd4 Nc6 4. Qd1 Nf6 5. Nd2 Bc5 6. h3 d5 7. Bd3 Qe7 8.
Nb3 dxe4 9. Bb5 O-O 10. Bxc6 bxc6 11. Qe2 a5 12. Bg5 Ba6 13. c4 Bb4+ 14. Bd2
Bxd2+ 15. Nxd2 Qb4 16. a3 Qxb2 17. Rb1 Qxa3 18. Qe3 Qxe3+ 19. fxe3 Nh5 20. Kf2
Rad8 21. Rb2 f5 22. Ne2 f4 23. Nxf4 Nxf4 24. exf4 Rxf4+ 25. Ke3 Rh4 26. Rb3 a4
27. Ra3 c5 28. Rc3 Bb7 29. Rf1 Rf8 30. Rxf8+ Kxf8 31. Kf2 Rh6 32. Re3 Ra6 33.
Ra3 Rf6+ 34. Ke3 Rg6 35. Rxa4 Rxg2 36. Nxe4 Bxe4 37. Kxe4 Ke7 38. Ra5 Kd6 39.
Ra6+ c6 40. Ra3 Re2+ 41. Kd3 Re7 42. Ra8 h6 43. Rf8 Rd7 44. Kc3 Ke5 45. Rc8 Rd6
46. Rf8 g5 47. Rf3 Ke4 48. Rf7 Rd3+ 49. Kc2 Rxh3 50. Rf6 Kd4 51. Rxc6 0-1

[Event "XXIV Weekend B"]
[Site "Robecchetto con Induno ITA"]
[Date "2013.12.29"]
[Round "5"]
[White "Milazzo, Gianluca"]
[Black "Rutigliano, Cesare"]
[WhiteElo "1485"]
[BlackElo "1670"]
[Result "1-0"]
[PlyCount "47"]
[EventDate "2013.12.27"]

1. c4 b6 2. Nc3 Bb7 3. e4 e6 4. Bd3 Qg5 5. Qf3 Na6 6. Nh3 Qe7 7. a3 d5 8. cxd5
exd5 9. O-O O-O-O 10. Nxd5 Qd6 11. Bc4 Nh6 12. b4 f5 13. d3 fxe4 14. dxe4 Be7
15. Bf4 Qd7 16. Rfd1 Rhf8 17. Nxb6+ axb6 18. Rxd7 Rxd7 19. Be6 g5 20. Bxd7+
Kxd7 21. Qd3+ Kc8 22. Bxg5 Bxg5 23. Nxg5 Rd8 24. Qh3+ 1-0